000 00441nam a2200181Ia 4500
008 220531s9999 xx 000 0 und d
041 _aeng
082 _bADV / KOT
100 _aKotibhaskar, J. / Shah
_931409
245 _aAdvanced Accountancy.
250 _a1ST
260 _bSuvichar
_c1991
300 _a276
542 _d01-01-2010
650 _aAccountancy
_931410
906 _d2009-2010
_d2014-2015
_f2363
999 _c19675
_d19675